| 000 | 02387cam a2200433 a 4500 | ||
|---|---|---|---|
| 090 | _c10361 | ||
| 001 | 14278934 | ||
| 005 | 20080813184505.0 | ||
| 008 | 060227s2006 enka 001 0 eng | ||
| 010 | _a 2006042613 | ||
| 020 | _a0521755840 (pbk.) | ||
| 020 | _a9780521755849 (pbk.) | ||
| 020 | _a9780521755849 | ||
| 035 | _a(OCoLC)ocm64453543 | ||
| 035 | _a(OCoLC)64453543 | ||
| 040 |
_aDLC _cDLC _dBAKER _dC#P _dYDXCP _dBTCTA _dVP@ _dDLC |
||
| 050 | 0 | 0 |
_aPE1128 _b.G35 2006 |
| 082 | 0 | 0 |
_a428.0076 _222 _bGEA |
| 100 | 1 | _aGear, Jolene. | |
| 245 | 1 | 0 |
_aCambridge preparation for the TOEFL test / _cJolene Gear, Robert Gear. |
| 246 | 3 | 0 | _aPreparation for the TOEFL test |
| 250 | _a4th ed. | ||
| 260 |
_aCambridge ; _aNew York : _bCambridge University Press, _cc2006. |
||
| 300 |
_axlii, 661 p. : _bill. ; _c28 cm. + _e9 CD-ROM (4 3/4 in.) |
||
| 500 | _aIncludes index. | ||
| 500 | _a"ibt Internet- based test"-- CD Cover. | ||
| 650 | 0 |
_aTest of English as a Foreign Language _vStudy guides. |
|
| 650 | 0 |
_aEnglish language _vTextbooks for foreign speakers. |
|
| 650 | 0 |
_aEnglish language _xExaminations _vStudy guides. |
|
| 700 | 1 | _aGear, Robert. | |
| 856 | 4 | 2 |
_3Publisher description _uhttp://www.loc.gov/catdir/enhancements/fy0633/2006042613-d.html |
| 942 |
_2ddc _cBB |
||
| 999 |
_c10361 _d10361 |
||